Tenemos patria : Argentina, un país con derechos /

Guardado en:
Autores Corporativos: Ministerio de Justicia y Derechos Humanos., Secretaría Legal y Técnica de la Nación.
Formato: Libro
Idioma:Undetermined
Publicado: Buenos Aires : Ministerio de Justicia y Derechos Humanos, 2013.
Materias:
Etiquetas: Agregar Etiqueta
Sin Etiquetas, Sea el primero en etiquetar este registro!
LEADER 02367nam a22001935a 4500
001 CEM.cems020039
008 230426s2013####ag############000#0#und#d
005 20230427113203.0
245 1 0 |a Tenemos patria :  |b Argentina, un país con derechos /  |c Ministerio de Justicia y Derechos Humanos. 
260 |a Buenos Aires :  |b Ministerio de Justicia y Derechos Humanos,  |c 2013. 
300 |a 179 p. 
505 0 |a Educación -- Conectar igualdad -- FINES -- Becas -- Boleto estudiantil -- Voluntariado universitario -- Trabajo -- Monotributo social -- Argentina trabaja -- Microcréditos para la economía social -- Apoyo financiero a cooperativas y mutuales -- Inserción laboral -- Empleo independiente -- Servicio de Conciliación Laboral Obligatoria -- Violencia laboral -- Denuncias laborales -- Salud -- Plan Nacer -- Programa Sumar -- Plan Remediar -- Incluir salud -- Atención médica comunitaria -- Equidad sanitaria territorial -- Salud sexual y procreación responsable -- Discriminación y salud mental -- TGD TEA -- Uso indebido de drogas -- PRONACEI -- VIH SIDA - Certificado Único de Discapacidad -- Drogas oncológicas -- Vivienda, hábitat y desarrollo social -- PRO.CRE.AR. -- SUBE -- ENARGAS -- ENRE -- CNRT -- Participación y acceso a la justicia -- Voto a los 16 -- Adopción -- Anticorrupción -- CAJ -- Defensor del Pueblo de la Nación -- Inclusión y seguridad social -- Asignación Universal por Hijo -- Asignaciones familiares -- Pensión no contributiva -- Género y diversidad -- Matrimonio igualitario -- Identidad de género -- Acompañamiento a víctimas de trata -- Rubro 59 -- Línea 144 -- Cultura y comunicación -- Tecnópolis -- INCAA -- TV Digital Abierta -- Protección de datos personales -- Identidad, nacionalidad y soberanía -- Nuevo DNI -- Radicación de extranjeros -- Pasaporte -- Nacionalidad argentina -- Veteranos de guerra de Malvinas -- ANSES -- YPF -- Aerolíneas Argentinas -- Memoria, verdad y justicia -- Archivo Nacional de la Memoria -- ex-ESMA -- Derechos y políticas públicas. La década ganada 2003-2013 
110 2 |a Ministerio de Justicia y Derechos Humanos. 
710 2 |a Secretaría Legal y Técnica de la Nación. 
653 |a Derechos Humanos 
653 |a Argentina 2003-2013 
653 |a Políticas Públicas 
653 |a Material de divulgación 
859 |a CEMS  |b BIB. CEMS - 11 de abril  |h 323.4  |i M664  |p 29413.23  |t Ej.1